000 01068cam a22002891 4500
001 sa 68004861
003 DLC
005 20260227112504.0
008 711216s1966 ii a b 00010 eng
010 _asa 68004861 //r852
025 _aPL480:I-F-Fr-1
041 0 _aeng
_bfre
050 0 _aQ2
_b.I485 t. 5, fasc. 3
082 _a583/.44
100 1 0 _aThanikaimoni, G.
245 1 0 _aPollen morphology of Sonneratiaceae
_c[by] G. Thanikaimoni and D. M. A. Jayaweera.
260 0 _aPondichéry,
_bImprimerie de la Mission,
_c1966.
300 _a12, 4 p.
_billus.
_c25 cm.
490 1 _aInstitut français de Pondichéry. Travaux de la section scientifique et technique, t. 5, fasc. 3
501 _aBound with the author's Contribution à l'étude palynologique des palmiers. Pondichéry, 1966.
500 _a"Avec résumé français."
504 _aBibliography: p. [11]-12.
650 0 _aSonneratiaceae.
650 0 _aPolynotaxonomy.
700 1 0 _aJayaweera, D. M. A.,
_ejoint author.
830 0 _aTravaux de la Section scientifique et technique ;
_vt. 5.
999 _c80401
_d80401